00840nam a2200277Ia 4500008004100000020001800041050001500059050001400074100001800088245003000106245004200136245003500178250001600213260001500229260002500244260000900269300001600278300001100294300001100305500005100316650001400367650001700381650002700398999001900425952011800444160216s9999 xx 000 0 und d a0-913292-57-5 aMAIN QP 86 b.S29 2002 aSaxon, Sue V. aPhysical change & aging : ba guide for the helping professions / cSue V. Saxon, Mary Jean Etten. a4th Edition aNew York : bTiresias Press, Inc. c2002 a480 pages : bill. ; c21 cm. aIncludes bibliographical references and index. aAging --  aGeriatrics.  xPhysiological aspects. c290893d290893 001040aSMCbSMCcRESd0000-00-00g3.00l0oMAIN QP 86 .S29 2002pSMC02100r2016-02-16 00:00:00w2016-02-16yBK